Statistics for NBA Busts who were Top NCAA Stars

Click here to take the quiz!

General Stats

  • This quiz has been taken 20 times
  • The average score is 3 of 18

Answer Stats

CollgeYearDraftPlayer% Correct
Pacific19981stMichael Olowokandi
65%
Gonzaga20063rdAdam Morrison
55%
Louisville19891stPervis Ellison
40%
UConn20092ndHasheem Thabeet
35%
Kentucky19842ndSam Bowie
30%
UCLA19959thEd O'Bannon
25%
Duke19892ndDanny Ferry
25%
LSU20002ndStromile Swift
20%
Loyola19721stLaRue Martin
20%
Iowa State20004thMarcus Fizer
10%
Ohio State19873rdDennis Hopson
5%
Memphis20027thDajuan Wagner
5%
Seton Hall20017thEddie Griffin
5%
North Carolina19895thJ. R. Reid
0%
La Salle19907thLionel Simmons
0%
Michigan State19958thShawn Respert
0%
Georgetown20039thMichael Sweetney
0%
NC State19863rdChris Washburn
0%

Score Distribution

Percentile by Number Answered

Percent of People with Each Score

Your Score History

You have not taken this quiz